| 000 -LEADER |
| fixed length control field |
01164cam a22003137a 4500 |
| 001 - CONTROL NUMBER |
| control field |
19181356 |
| 005 - DATE AND TIME OF LATEST TRANSACTION |
| control field |
20180205034411.0 |
| 008 - FIXED-LENGTH DATA ELEMENTS--GENERAL INFORMATION |
| fixed length control field |
160719s2011 bcca b 001 0 eng |
| 010 ## - LIBRARY OF CONGRESS CONTROL NUMBER |
| LC control number |
2016417685 |
| 016 ## - NATIONAL BIBLIOGRAPHIC AGENCY CONTROL NUMBER |
| Record control number |
20119005506 |
| 020 ## - INTERNATIONAL STANDARD BOOK NUMBER |
| International Standard Book Number |
9781553658313 |
| 020 ## - INTERNATIONAL STANDARD BOOK NUMBER |
| International Standard Book Number |
1553658310 |
| 035 ## - SYSTEM CONTROL NUMBER |
| System control number |
(OCoLC)ocn663952969 |
| 040 ## - CATALOGING SOURCE |
| Original cataloging agency |
NLC |
| Language of cataloging |
eng |
| Transcribing agency |
NLC |
| Modifying agency |
BTCTA |
| -- |
YDXCP |
| -- |
CDX |
| -- |
ORX |
| -- |
MIA |
| -- |
CPL |
| -- |
FVC |
| -- |
OXF |
| -- |
LMR |
| -- |
IBI |
| -- |
NSB |
| -- |
BDX |
| -- |
SHH |
| -- |
OCLCQ |
| -- |
AZH |
| -- |
S4S |
| -- |
OCLCQ |
| -- |
OCLCF |
| -- |
OCLCO |
| -- |
Z45 |
| -- |
OCLCQ |
| -- |
DLC |
| 041 ## - LANGUAGE CODE |
| Language code of text/sound track or separate title |
eng |
| 042 ## - AUTHENTICATION CODE |
| Authentication code |
lccopycat |
| 055 00 - CLASSIFICATION NUMBERS ASSIGNED IN CANADA |
| Classification number |
QC981.8 G56 |
| Item number |
B47 2011 |
| 080 ## - UNIVERSAL DECIMAL CLASSIFICATION NUMBER |
| Universal Decimal Classification number |
363.738747 mik |
| 082 04 - DEWEY DECIMAL CLASSIFICATION NUMBER |
| Classification number |
363.738747 mik |
| Edition number |
23 |
| 100 1# - Rafti |
| Rafti |
10 |
| 101 ## - Shkurtesa |
| Shkurtesa |
nut |
| 245 10 - TITLE STATEMENT |
| Title |
How bad are bananas? : |
| Statement of responsibility, etc |
Mike Berners-Lee. |
| 504 ## - BIBLIOGRAPHY, ETC. NOTE |
| Bibliography, etc |
Includes bibliographical references and index. |
| 530 ## - ADDITIONAL PHYSICAL FORM AVAILABLE NOTE |
| Additional physical form available note |
Also available in an electronic format. |
| 776 08 - ADDITIONAL PHYSICAL FORM ENTRY |
| Display text |
Online version: |
| Main entry heading |
Berners-Lee, Mike. |
| Title |
How bad are bananas? |
| Place, publisher, and date of publication |
Vancouver, BC : Greystone Books, 2011 |
| International Standard Book Number |
9781553658320 |
| Record control number |
(OCoLC)768347677 |
| 906 ## - LOCAL DATA ELEMENT F, LDF (RLIN) |
| a |
7 |
| b |
cbc |
| c |
copycat |
| d |
3 |
| e |
ncip |
| f |
20 |
| g |
y-gencatlg |
| 942 ## - ADDED ENTRY ELEMENTS (KOHA) |
| Source of classification or shelving scheme |
|
| Item type |
Books |